Normal view MARC view

Entry Nome pessoal

Number of records used in: 1

001 - NÚMERO DE CONTROLE

  • campo de controle: 605

003 - IDENTIFICADOR DO NÚMERO DE CONTROLE

  • campo de controle: Br

005 - DATA E HORÁRIO DA ÚLTIMA TRANSAÇÃO

  • campo de controle: 20250325093708.0

008 - CAMPO DE DADOS FIXOS

  • campo de controle de tamanho fixo: 100080|| acnnnaab| aaaa d

035 ## - NÚMERO DE CONTROLE DO SISTEMA

  • Número de Controle do Sistema: 100080915164744042

040 ## - FONTE DA CATALOGAÇÃO

  • Instituição da catalogação original: Br
  • Instituição que transcreveu o registro: Br

100 1# - CABEÇALHO--NOME PESSOAL

  • Nome pessoal: Schopenhauer, Arthur,
  • Datas associadas ao nome: 1788-1860

400 1# - REMISSIVA VER--NOME PESSOAL

  • Nome pessoal: Schopenhauer, A.
  • Datas associadas ao nome: 1788-1860
  • Forma completa do nome: (Arthur)

670 ## - FONTE POSITIVA DOS DADOS

  • Citação da fonte positiva dos dados: Assunto de: Ferraz, João de Sousa. Schopenhauer e as dores... 1978.

670 ## - FONTE POSITIVA DOS DADOS

  • Citação da fonte positiva dos dados: http://authorities.loc.gov 21/10/2011
  • Dados encontrados na fonte localizada no subcampo: (D., rem.)

670 ## - FONTE POSITIVA DOS DADOS

  • Citação da fonte positiva dos dados: http://en.wikipedia.org/wiki/Arthur_Schopenhauer
  • Dados encontrados na fonte localizada no subcampo: (Arthur Schopenhauer nasceu em Danzig, no dia 22 de fevereiro de 1788 e faleceu em Frankfurt, no dia 21 de setembro de 1860, foi um filósofo alemão do século XIX)

Powered by Koha